| 000 | 00929nas a2200301 4500 | ||
|---|---|---|---|
| 001 | BR2014003552 | ||
| 003 | BR-BrBNA | ||
| 005 | 20231205124147.0 | ||
| 007 | ta | ||
| 008 | 230509b bl.|||p| |||| 00| 00por d | ||
| 040 |
_aBR-BrBNA _bpor _cBiblioteca Nacional de Agricultura |
||
| 041 | _a(Pt) | ||
| 072 | _aF62 | ||
| 100 | 1 | _aSangoi, L. | |
| 100 | 1 | _aZanin, C.G. | |
| 100 | 1 | _aSchmitt, A. | |
| 100 | 1 | _aVieira, J. | |
| 245 | 1 | _aSenescência foliar e resposta de híbridos de milho liberados comercialmente para cultivo em diferentes épocas ao adensamento | |
| 650 | _aMILHO | ||
| 650 | _aHÍBRIDO | ||
| 650 | _aCRESCIMENTO | ||
| 650 | _aRESPOSTA DA PLANTA | ||
| 650 | _aPRODUTIVIDADE | ||
| 650 | _aÁREA FOLIAR | ||
| 773 | 0 |
_tRevista Brasileira de Milho e Sorgo (Brazil) _xISSN 1676-689X _g(Jan-Apl 2013), v. 12(1) p. 21-32 _wBR2014003552 |
|
| 909 |
_a202311 _bLúcia _c55 _dLúcia Elande |
||
| 942 |
_2AGRIS _n0 _cANA |
||
| 999 |
_c237611 _d237611 |
||